London's Royal Parks Quiz Stats

 Plays Quiz Updated Dec 5, 2018

     
Support Sporcle.
Go Orange.
Score 0/8 Timer 02:00
2 Plays Today
% Correct
Hyde Park
90%
Green Park
65.5%
St James's Park
61.3%
Regents Park
57.6%
Kensington Gardens
46.9%
Richmond Park
40.6%
Greenwich Park
34.1%
Bushy Park
26.9%

From the Vault

Crossword Blackout! V

by hockeystix3

Please crossword responsibly.
Remove Ads.
Support Sporcle.
Get the best of Sporcle when you Go Orange. This ad-free experience offers more features, more stats, and more fun while also helping to support Sporcle. Thank you for becoming a member.

Show Comments

Extras

Top Quizzes Today


Score Distribution

Your Account Isn't Verified!

In order to create a playlist on Sporcle, you need to verify the email address you used during registration. Go to your Sporcle Settings to finish the process.

Report this User

Report this user for behavior that violates our Community Guidelines.

Details: